[Event "Pobeskydi 2024"]
[Site "?"]
[Date "2024.03.29"]
[Round "4.11"]
[White "Marjanovic, Alex"]
[Black "Bjolek, Jan"]
[Result "1/2-1/2"]
[WhiteElo "2020"]
[BlackElo "1923"]
[PlyCount "112"]
[EventDate "2024.03.28"]

1. d4 Nf6 2. Bf4 d5 3. e3 e6 4. Nf3 c5 5. c3 Be7 6. Ne5 O-O 7. Bd3 b6 8. h4 Ne4
9. Nd2 Bb7 10. Qg4 f5 11. Qe2 Nd7 12. Ndf3 Nxe5 13. Nxe5 g6 14. g3 Bf6 15. Rd1
Qe7 16. Bxe4 fxe4 17. Ng4 h5 18. Nxf6+ Qxf6 19. g4 hxg4 20. Qxg4 Qf5 21. Qg3
Qh5 22. Rg1 Kh7 23. Qh3 Ba6 24. Qg4 Qxg4 25. Rxg4 Rf5 26. Kd2 Bb5 27. Rdg1 Rg8
28. Rg5 Be8 29. Ke1 Bf7 30. Be5 cxd4 31. cxd4 a6 32. Ke2 Rc8 33. Rxf5 exf5 34.
Kd2 Kh6 35. Bd6 Kh7 36. Be7 Kh6 37. Bf6 Be8 38. Rg5 Bf7 39. Be5 Be8 40. Bf4 Kh7
41. h5 Rc6 42. hxg6+ Bxg6 43. Rg1 Bh5 44. Be5 Bg6 45. Rh1+ Kg8 46. Rh8+ Kf7 47.
Ra8 b5 48. Ra7+ Ke8 49. Bf4 Bf7 50. Bg5 Be6 51. Be7 Kf7 52. Bc5+ Kg6 53. Kc3 f4
54. Kb4 fxe3 55. fxe3 Bc8 56. Ra8 Kf5 1/2-1/2

[Event "Pobeskydi 2024"]
[Site "?"]
[Date "2024.03.29"]
[Round "4.12"]
[White "Zeleny, Tomas"]
[Black "Staniczek, Kacper"]
[Result "1/2-1/2"]
[WhiteElo "1968"]
[BlackElo "1729"]
[PlyCount "72"]
[EventDate "2024.03.28"]

1. e4 e5 2. Nf3 Nc6 3. Nc3 Nf6 4. d4 exd4 5. Nxd4 Bb4 6. Nxc6 bxc6 7. Bd3 O-O
8. O-O Re8 9. Bg5 h6 10. Bh4 g5 11. Bg3 d5 12. e5 Ng4 13. Re1 d4 14. a3 Bf8 15.
Ne2 Nxe5 16. Nxd4 Bg4 17. Qd2 Nxd3 18. Qxd3 Bg7 19. Rxe8+ Qxe8 20. Qc4 Qe4 21.
c3 Bxd4 22. Qxd4 Qxd4 23. cxd4 Rd8 24. Be5 Rd5 25. Rc1 Bd7 26. f3 c5 27. Rxc5
Rxc5 28. dxc5 c6 29. Kf2 Kf8 30. Ke3 Ke7 31. g4 f5 32. h3 fxg4 33. hxg4 Be8 34.
f4 gxf4+ 35. Bxf4 h5 36. gxh5 Bxh5 1/2-1/2

[Event "Pobeskydi 2024"]
[Site "?"]
[Date "2024.03.29"]
[Round "4.13"]
[White "Sypien, Natan"]
[Black "Kanakova, Natalie"]
[Result "1/2-1/2"]
[WhiteElo "1870"]
[BlackElo "2180"]
[PlyCount "61"]
[EventDate "2024.03.28"]

1. e4 c5 2. Nf3 Nc6 3. Bb5 Nf6 4. e5 Nd5 5. Nc3 Nc7 6. Bxc6 dxc6 7. d3 Bg4 8.
h3 Bxf3 9. Qxf3 Ne6 10. O-O Nd4 11. Qd1 Qc7 12. f4 O-O-O 13. Be3 e6 14. Bxd4
cxd4 15. Ne4 Be7 16. c4 f5 17. exf6 gxf6 18. f5 Rdf8 19. Qh5 e5 20. a3 Qd8 21.
b4 Qe8 22. Qf3 Rhg8 23. c5 Kb8 24. a4 Qd7 25. Rfc1 Rc8 26. Rab1 Qd5 27. Rc4 Rg7
28. Kh2 Rcg8 29. Rb2 Bd8 30. Qd1 Qd7 31. Qf3 1/2-1/2

[Event "Pobeskydi 2024"]
[Site "?"]
[Date "2024.03.29"]
[Round "4.14"]
[White "Orzechowski, Jacek"]
[Black "Halhoul, Adam"]
[Result "0-1"]
[WhiteElo "2067"]
[BlackElo "1859"]
[PlyCount "86"]
[EventDate "2024.03.28"]

1. Nf3 Nf6 2. d4 d5 3. c4 e6 4. Nc3 c6 5. e3 Bd6 6. Bd3 O-O 7. O-O Nbd7 8. e4
dxc4 9. Bxc4 b5 10. Bb3 Be7 11. e5 Nd5 12. Nxd5 cxd5 13. Bc2 Re8 14. Qd3 Nf8
15. Qxb5 a5 16. Qe2 Ba6 17. Bd3 Bxd3 18. Qxd3 Qb6 19. Bg5 Ng6 20. g3 Rec8 21.
Rab1 Bxg5 22. Nxg5 Rc4 23. Rfd1 h6 24. Nf3 Rac8 25. Rd2 Ne7 26. Kg2 a4 27. Re1
Rb4 28. Ree2 Rcc4 29. Rc2 Rxc2 30. Qxc2 Nc6 31. Rd2 Nxd4 32. Nxd4 Rxd4 33. Qc8+
Kh7 34. Qc2+ g6 35. Rxd4 Qxd4 36. f4 Kg7 37. Kf3 g5 38. h4 Qg1 39. hxg5 hxg5
40. fxg5 Qh1+ 41. Kg4 Qe1 42. Qxa4 Qe2+ 43. Kh3 Qxe5 0-1

[Event "Pobeskydi 2024"]
[Site "?"]
[Date "2024.03.29"]
[Round "4.15"]
[White "Marjanovic, Gyorgy"]
[Black "Kaplanova, Dominika"]
[Result "1/2-1/2"]
[WhiteElo "2011"]
[BlackElo "1837"]
[PlyCount "81"]
[EventDate "2024.03.28"]

1. Nf3 d5 2. g3 Nf6 3. Bg2 Bf5 4. O-O e6 5. d3 h6 6. Nbd2 Be7 7. Qe1 O-O 8. e4
Bh7 9. b3 Bb4 10. Qe2 c6 11. Bb2 Na6 12. a3 Be7 13. b4 Nc7 14. h3 Rc8 15. Nh2
Nb5 16. c3 c5 17. a4 cxb4 18. axb5 bxc3 19. Bc1 cxd2 20. Bxd2 dxe4 21. dxe4 Rc2
22. Rfd1 Qd4 23. Qe1 Qb6 24. e5 Nd5 25. Bxd5 exd5 26. Be3 Qxb5 27. Rxa7 Rc4 28.
Ra5 Qc6 29. Raxd5 Bc2 30. R1d4 Rxd4 31. Rxd4 b5 32. Qe2 Bg6 33. Rd1 b4 34. Bd4
b3 35. Bb2 Ra8 36. Nf3 Qc2 37. Rd2 Qb1+ 38. Rd1 Qc2 39. Rd2 Qb1+ 40. Rd1 Qc2
41. Rd2 1/2-1/2

[Event "Pobeskydi 2024"]
[Site "Frydek-Mistek, Czech Republic"]
[Date "2024.03.30"]
[Round "5.6"]
[White "Bulej, Matej"]
[Black "Kolasinski, Krzysztof"]
[Result "1/2-1/2"]
[WhiteElo "2057"]
[BlackElo "2070"]
[PlyCount "50"]
[EventDate "2024.??.??"]

1. d4 Nf6 2. Nf3 c5 3. c3 e6 4. Bf4 d5 5. e3 Nc6 6. Nbd2 Bd6 7. Bg3 Qe7 8. Ne5
Bxe5 9. dxe5 Nd7 10. Qg4 f5 11. Qa4 O-O 12. f4 a6 13. Be2 b5 14. Qc2 Bb7 15.
O-O Rac8 16. Nf3 Nb6 17. Rfd1 b4 18. Be1 a5 19. a3 Ra8 20. axb4 axb4 21. cxb4
c4 22. Nd4 Nxd4 23. exd4 Bc6 24. Qd2 Ba4 25. Rdc1 Ra7 1/2-1/2

[Event "Pobeskydi 2024"]
[Site "Frydek-Mistek, Czech Republic"]
[Date "2024.03.30"]
[Round "5.1"]
[White "Walek, Petr"]
[Black "Turcan, Richard"]
[Result "0-1"]
[WhiteElo "2272"]
[BlackElo "2366"]
[PlyCount "212"]
[EventDate "2024.??.??"]

1. e4 c5 2. Nf3 Nc6 3. d4 cxd4 4. Nxd4 g6 5. Nc3 Bg7 6. Be3 Nf6 7. Bc4 O-O 8.
Bb3 d6 9. f3 Bd7 10. h4 h5 11. Qd2 Rc8 12. O-O-O Ne5 13. Bg5 Rc5 14. g4 hxg4
15. f4 Nc4 16. Qd3 Na5 17. Bxf6 Bxf6 18. e5 Nxb3+ 19. Nxb3 Bf5 20. Ne4 Rc8 21.
Nd4 Bg7 22. Nxf5 gxf5 23. Nxd6 exd6 24. Qxf5 Rc6 25. Qxg4 Qc8 26. f5 Kh7 27.
Rxd6 Rxd6 28. exd6 Qc5 29. Rd1 Rd8 30. d7 Qe7 31. f6 Qxf6 32. Qe4+ Qg6 33. Qxb7
a6 34. Qd5 Qe6 35. Qxe6 fxe6 36. Rd6 Be5 37. Rxe6 Bf4+ 38. Kb1 Rxd7 39. b4 Rb7
40. a3 a5 41. c3 Kg7 42. Kc2 Kf7 43. Re4 Bd6 44. Kb3 Kf6 45. Rg4 Be5 46. Rc4
Ke6 47. Rc6+ Bd6 48. Ra6 axb4 49. axb4 Rh7 50. c4 Ke5 51. Ra5+ Ke4 52. Rd5 Be5
53. b5 Rxh4 54. Kb4 Bd4 55. Rd6 Rh1 56. b6 Rb1+ 57. Ka5 Bc5 58. Rh6 Kd3 59. Ka6
Kxc4 60. Kb7 Kb5 61. Kc7 Rc1 62. Kb7 Rg1 63. Kc7 Rg7+ 64. Kd8 Bxb6+ 65. Ke8 Bc5
66. Rf6 Ra7 67. Rh6 Kc4 68. Rh5 Bd6 69. Rf5 Kd4 70. Rh5 Be5 71. Rh1 Kd5 72. Kd8
Kc6 73. Rh6+ Bd6 74. Ke8 Re7+ 75. Kd8 Re5 76. Rg6 Re4 77. Rh6 Rf4 78. Re6 Kd5
79. Re1 Be5 80. Ke7 Bd6+ 81. Kd8 Kc6 82. Re2 Rf8+ 83. Re8 Rf7 84. Re1 Ra7 85.
Ke8 Kd5 86. Re2 Be5 87. Rc2 Ke6 88. Kd8 Rb7 89. Rc1 Rb8+ 90. Rc8 Rb3 91. Rc2
Bf4 92. Rc4 Rb8+ 93. Rc8 Rb4 94. Rc2 Kd6 95. Ke8 Rb7 96. Re2 Be5 97. Rc2 Re7+
98. Kd8 Rh7 99. Kc8 Bd4 100. Rg2 Rc7+ 101. Kd8 Bf6+ 102. Ke8 Ke6 103. Re2+ Be5
104. Kd8 Rc1 105. Re4 Rh1 106. Kc8 Rb1 0-1

[Event "Pobeskydi 2024"]
[Site "Frydek-Mistek, Czech Republic"]
[Date "2024.03.30"]
[Round "5.3"]
[White "Jires, Jiri"]
[Black "Brejnik, Gustav"]
[Result "1/2-1/2"]
[WhiteElo "2153"]
[BlackElo "2265"]
[PlyCount "52"]
[EventDate "2024.??.??"]

1. e4 c6 2. c4 d5 3. exd5 cxd5 4. cxd5 Nf6 5. Nc3 Nxd5 6. Nf3 Nc6 7. Bc4 e6 8.
O-O Be7 9. d4 O-O 10. Re1 a6 11. Bb3 b5 12. Nxd5 exd5 13. Bf4 Bg4 14. Rc1 Rc8
15. Qd3 Bxf3 16. Qxf3 Nxd4 17. Qxd5 Rxc1 18. Bxc1 Nxb3 19. Qxb3 Bc5 20. Be3 Re8
21. g3 g6 22. Rd1 Qe7 23. Bxc5 Qxc5 24. Qd3 Qc6 25. b3 h5 26. h4 Re6 1/2-1/2

[Event "Pobeskydi 2024"]
[Site "Frydek-Mistek, Czech Republic"]
[Date "2024.03.30"]
[Round "5.7"]
[White "Tolmacevs, Artjoms"]
[Black "Lecki, Leonard"]
[Result "1-0"]
[WhiteElo "2028"]
[BlackElo "2038"]
[PlyCount "61"]
[EventDate "2024.??.??"]

1. e4 e5 2. Nf3 Nf6 3. Nxe5 d6 4. Nf3 Nxe4 5. d4 d5 6. Bd3 Bd6 7. O-O O-O 8. c4
c6 9. Nc3 Nxc3 10. bxc3 dxc4 11. Bxc4 Bf5 12. a4 Nd7 13. Ba3 Nb6 14. Bxd6 Qxd6
15. Bb3 Rae8 16. Ne5 Be6 17. Bc2 c5 18. Qh5 g6 19. Qh6 Re7 20. Rfe1 f6 21. dxc5
Qxc5 22. Nxg6 hxg6 23. Rxe6 Qxc3 24. Bb3 Rff7 25. Rd1 Nd7 26. Rxe7 Qxb3 27.
Qxg6+ Kh8 28. Qh5+ Kg8 29. Qxf7+ Qxf7 30. Rxf7 Kxf7 31. Rxd7+ 1-0

[Event "Pobeskydi 2024"]
[Site "Frydek-Mistek, Czech Republic"]
[Date "2024.03.30"]
[Round "5.8"]
[White "Zimny, Jakub"]
[Black "Zezula, Jakub"]
[Result "1/2-1/2"]
[WhiteElo "1826"]
[BlackElo "2031"]
[PlyCount "55"]
[EventDate "2024.??.??"]

1. e4 e5 2. Nf3 Nc6 3. d4 exd4 4. Nxd4 Nf6 5. Nxc6 bxc6 6. e5 Qe7 7. Qe2 Nd5 8.
c4 Ba6 9. b3 Qh4 10. a3 Nf4 11. Qe4 Ng6 12. Qxh4 Nxh4 13. Bb2 Be7 14. Nd2 O-O
15. g3 Ng6 16. Bg2 f6 17. exf6 Bxf6 18. Bxf6 Rxf6 19. Ne4 Rff8 20. O-O-O d6 21.
f4 Rab8 22. Kc2 Ne7 23. Rhe1 Nf5 24. Kc3 c5 25. Ng5 Bb7 26. Bh3 Nd4 27. Re7 Bc8
28. b4 1/2-1/2

[Event "Pobeskydi 2024"]
[Site "Frydek-Mistek, Czech Republic"]
[Date "2024.03.30"]
[Round "5.4"]
[White "Kratochvil, Vit"]
[Black "Fizer, Marek"]
[Result "1/2-1/2"]
[WhiteElo "2203"]
[BlackElo "2058"]
[PlyCount "224"]
[EventDate "2024.??.??"]

1. c4 e5 2. g3 c6 3. Nf3 e4 4. Nd4 d5 5. cxd5 cxd5 6. d3 exd3 7. Qxd3 Nc6 8.
Bg2 Nxd4 9. Qxd4 Nf6 10. Nc3 Be6 11. O-O Be7 12. Bf4 Qa5 13. Rfd1 O-O 14. Nxd5
Bxd5 15. Bxd5 Bc5 16. Qc4 Qb6 17. e3 Rac8 18. Qb3 Nxd5 19. Rxd5 Qxb3 20. axb3
Bb6 21. Be5 Rfd8 22. Rad1 Rxd5 23. Rxd5 f6 24. Bc3 Rc7 25. Kg2 Kf7 26. Kf3 Ke6
27. Ke4 g6 28. g4 Rf7 29. Rb5 Rd7 30. Bd4 Bxd4 31. exd4 b6 32. Rb4 Rd5 33. Rc4
f5+ 34. gxf5+ Rxf5 35. f3 Rh5 36. Rc7 Rxh2 37. Rxa7 Rxb2 38. Rxh7 Re2+ 39. Kd3
Rb2 40. Kc3 Rf2 41. Rb7 Rxf3+ 42. Kc4 g5 43. Rxb6+ Kf5 44. Rb8 g4 45. Rg8 g3
46. b4 Ke6 47. b5 Kd6 48. Rg7 Rf1 49. Rxg3 Rc1+ 50. Rc3 Rb1 51. Rb3 Rc1+ 52.
Kd3 Rd1+ 53. Ke3 Kc7 54. b6+ Kb7 55. Ke4 Re1+ 56. Kd5 Rh1 57. Rb4 Rh5+ 58. Kc4
Rh6 59. Rb1 Rh5 60. Rb2 Rg5 61. Rb5 Rg1 62. Rb3 Rc1+ 63. Kd5 Rh1 64. Kd6 Rh6+
65. Kc5 Rc6+ 66. Kd5 Rh6 67. Rb1 Rh5+ 68. Kc4 Rh6 69. Rb2 Rg6 70. Kd5 Rh6 71.
Rb5 Rg6 72. Kc4 Rc6+ 73. Kd3 Rh6 74. Rb1 Rh5 75. Ke4 Rh4+ 76. Ke5 Rh5+ 77. Kf6
Rh6+ 78. Kg5 Rd6 79. Rb4 Rd5+ 80. Kf6 Rh5 81. Ke6 Rh6+ 82. Kd5 Rh5+ 83. Kc4 Rh6
84. Rb3 Rc6+ 85. Kd5 Rh6 86. Rb5 Rh1 87. Kc4 Rh6 88. Kd3 Rh3+ 89. Kc4 Rh6 90.
Rb1 Rc6+ 91. Kd5 Rh6 92. Rb3 Rh5+ 93. Ke6 Rh6+ 94. Kf5 Rh5+ 95. Kg6 Rd5 96. Rb4
Ra5 97. Kf6 Rh5 98. Ke6 Rh6+ 99. Kd5 Rh5+ 100. Kc4 Rh6 101. Rb3 Rc6+ 102. Kd5
Rh6 103. Re3 Rxb6 104. Rc3 Rh6 105. Rg3 Kc7 106. Rg7+ Kd8 107. Kc5 Rf6 108. d5
Rh6 109. Rb7 Rg6 110. Rb6 Rxb6 111. Kxb6 Kd7 112. d6 Kxd6 1/2-1/2

[Event "Pobeskydi 2024"]
[Site "Frydek-Mistek, Czech Republic"]
[Date "2024.03.30"]
[Round "5.2"]
[White "Swicarz, Maciej"]
[Black "Mica, Marek"]
[Result "0-1"]
[WhiteElo "2251"]
[BlackElo "2368"]
[PlyCount "92"]
[EventDate "2024.??.??"]

1. e4 c5 2. Nf3 Nc6 3. d4 cxd4 4. Nxd4 g6 5. c4 Nf6 6. Nc3 d6 7. Be2 Nxd4 8.
Qxd4 Bg7 9. Be3 O-O 10. Qd2 a5 11. O-O a4 12. Rad1 Be6 13. f4 Qa5 14. Bd4 Qb4
15. Nd5 Qxd2 16. Nxe7+ Kh8 17. Rxd2 Rae8 18. Bxf6 Bxf6 19. Nd5 Bxd5 20. exd5 a3
21. bxa3 Bc3 22. Rd3 Ba5 23. Bd1 Bb6+ 24. Kh1 Bc5 25. g3 Re4 26. Rc3 Rfe8 27.
Bf3 Rd4 28. Rf2 Rxf4 29. gxf4 Bxf2 30. Kg2 Bc5 31. Rb3 b6 32. Kf1 Kg7 33. Rb1
Kf6 34. Re1 Rxe1+ 35. Kxe1 Kf5 36. Kf1 Bxa3 37. Bd1 Kxf4 38. Kg2 f5 39. Ba4 g5
40. Bd7 g4 41. h3 Kg5 42. Be6 h5 43. Bd7 f4 44. Be8 Bc5 45. a4 f3+ 46. Kh2 Kf4
0-1

[Event "Pobeskydi 2024"]
[Site "Frydek-Mistek, Czech Republic"]
[Date "2024.03.30"]
[Round "5.5"]
[White "Koubova, Anna Marie"]
[Black "Stevik, Patrik"]
[Result "1-0"]
[WhiteElo "2113"]
[BlackElo "2167"]
[PlyCount "93"]
[EventDate "2024.??.??"]

1. d4 d5 2. Nf3 c5 3. e3 Nf6 4. c4 cxd4 5. exd4 g6 6. Nc3 Bg7 7. c5 O-O 8. b4
Ne4 9. Bb2 Bg4 10. Be2 Nc6 11. b5 Bxf3 12. gxf3 Nxc3 13. Bxc3 Nb8 14. O-O e6
15. Kh1 Qh4 16. Rc1 Nd7 17. a4 Rac8 18. Rg1 Qxf2 19. Rf1 Qh4 20. f4 Nf6 21. Be1
Qh3 22. Rf3 Qf5 23. c6 bxc6 24. bxc6 Ne4 25. Ba6 Qg4 26. h3 Qh5 27. Rd3 Qf5 28.
Qg4 Rc7 29. Qxf5 exf5 30. Kg2 Bh6 31. Kf3 Rb8 32. Ba5 Rb6 33. Bxb6 axb6 34. Bb7
Nd6 35. Rb1 Nc4 36. Rb5 Kf8 37. Rxd5 Ke7 38. Rd1 Ke6 39. Rd8 Ke7 40. Ra8 Na5
41. d5 Nc4 42. Re1+ Kf6 43. Rc8 Rxc8 44. Bxc8 Bf8 45. Ba6 b5 46. c7 Nd6 47.
axb5 1-0

[Event "Pobeskydi 2024"]
[Site "?"]
[Date "2024.03.30"]
[Round "5.9"]
[White "Halhoul, Adam"]
[Black "Marjanovic, Alex"]
[Result "1-0"]
[WhiteElo "1859"]
[BlackElo "2020"]
[PlyCount "85"]
[EventDate "2024.03.28"]

1. d4 Nf6 2. c4 c5 3. d5 e6 4. Nc3 exd5 5. cxd5 d6 6. e4 g6 7. Bd3 Bg7 8. h3
O-O 9. Nf3 b5 10. Nxb5 Re8 11. O-O Nxe4 12. Re1 a6 13. Nc3 Nxc3 14. Rxe8+ Qxe8
15. bxc3 Bxc3 16. Rb1 Nd7 17. Qa4 Qf8 18. Bf4 Ne5 19. Bxe5 dxe5 20. Qc6 Bf5 21.
Bxf5 gxf5 22. Nh4 Qe8 23. Nxf5 Qxc6 24. dxc6 Ba5 25. Rb7 Rd8 26. c7 Bxc7 27.
Rxc7 f6 28. Rxc5 Rd1+ 29. Kh2 Rd2 30. Ra5 Rxf2 31. Nh4 e4 32. Kg3 e3 33. Rxa6
f5 34. Nf3 f4+ 35. Kxf4 e2 36. Re6 Rxg2 37. a4 Kf7 38. Re3 Kf6 39. a5 Rf2 40.
Kg3 e1=Q 41. Rxe1 Ra2 42. Re5 Ra3 43. Rb5 1-0

[Event "Pobeskydi 2024"]
[Site "?"]
[Date "2024.03.30"]
[Round "5.10"]
[White "Mrazik, Tomas"]
[Black "Buchta, Bartolomej"]
[Result "0-1"]
[WhiteElo "2013"]
[BlackElo "1913"]
[PlyCount "80"]
[EventDate "2024.03.28"]

1. Nf3 b5 2. d4 Nf6 3. Bf4 e6 4. e3 a6 5. Bd3 d5 6. Nbd2 Bd6 7. Bg3 Bb7 8. c3
Qe7 9. a4 b4 10. c4 c5 11. dxc5 Bxc5 12. O-O O-O 13. Qe2 Ne4 14. cxd5 Nxd2 15.
Nxd2 Bxd5 16. e4 Bb7 17. e5 Nc6 18. Ne4 Nd4 19. Qg4 Bxe4 20. Qxe4 Nf5 21. Rac1
Bd4 22. Rc4 Rad8 23. b3 a5 24. Rfc1 Bc3 25. Bf4 Qh4 26. g3 Qh5 27. Be2 Qg6 28.
Qg2 Nd4 29. Bd1 Bb2 30. h4 Bxc1 31. Rxc1 Qd3 32. Qb7 Rd7 33. Qxd7 Nf3+ 34. Bxf3
Qxd7 35. Rc5 Qd3 36. Kg2 Qxb3 37. Rxa5 Qc2 38. Be3 b3 39. Bc5 Rc8 40. Bb7 Qxc5
0-1

[Event "Pobeskydi 2024"]
[Site "?"]
[Date "2024.03.30"]
[Round "5.11"]
[White "Staniczek, Kacper"]
[Black "Janik, Marek Tobias"]
[Result "1-0"]
[WhiteElo "1729"]
[BlackElo "1971"]
[PlyCount "61"]
[EventDate "2024.03.28"]

1. e4 e5 2. Nf3 Nf6 3. Nxe5 d6 4. Nf3 Nxe4 5. Nc3 Nxc3 6. dxc3 Be7 7. Bd3 Nc6
8. Be3 Be6 9. Qd2 Qd7 10. Nd4 Nxd4 11. Bxd4 O-O 12. O-O c5 13. Be3 Rad8 14.
Rad1 Rfe8 15. Rfe1 d5 16. Be2 Qc7 17. Bf3 Bd6 18. g3 Be5 19. Bxc5 Bxg3 20. hxg3
Qxc5 21. Qd4 Qb5 22. b3 f6 23. Re3 a6 24. Rde1 Bf7 25. Rxe8+ Bxe8 26. c4 Qa5
27. Bxd5+ Kf8 28. Qe4 Qc7 29. Qxh7 Rxd5 30. Qh8+ Kf7 31. Qxe8# 1-0

[Event "Pobeskydi 2024"]
[Site "?"]
[Date "2024.03.30"]
[Round "5.12"]
[White "Trojan, Matyas"]
[Black "Buchtova, Viktorie"]
[Result "1-0"]
[WhiteElo "1971"]
[BlackElo "1874"]
[PlyCount "87"]
[EventDate "2024.03.28"]

1. e4 c5 2. Nf3 Nc6 3. d4 cxd4 4. Nxd4 g6 5. Nc3 Bg7 6. Be3 Nf6 7. Bc4 Qa5 8.
O-O O-O 9. Bb3 d6 10. h3 Bd7 11. f4 Nxd4 12. Bxd4 Bc6 13. Nd5 Bxd5 14. exd5 Nd7
15. Bxg7 Kxg7 16. Re1 Rfe8 17. c3 Rac8 18. Kh1 Nb6 19. Re4 Rc5 20. c4 Nd7 21.
Qd4+ Kg8 22. Rae1 Nf6 23. R4e3 b5 24. cxb5 Rxb5 25. Rxe7 Qxe1+ 26. Rxe1 Rxe1+
27. Kh2 Ne4 28. Qxa7 Nc5 29. Qa8+ Kg7 30. Qc6 Ra5 31. Bc4 Rc1 32. b3 Ne4 33. a4
Nd2 34. Qb6 Nxc4 35. bxc4 Rxa4 36. Qb2+ Kf8 37. Qxc1 Ra5 38. Qb2 Rc5 39. Qf6
Rxc4 40. Qxd6+ Ke8 41. Qe5+ Kd7 42. d6 Kc6 43. d7 f6 44. Qe6+ 1-0

[Event "Pobeskydi 2024"]
[Site "?"]
[Date "2024.03.30"]
[Round "5.13"]
[White "Witkowski, Jedrzej"]
[Black "Zeleny, Tomas"]
[Result "1-0"]
[WhiteElo "1701"]
[BlackElo "1968"]
[PlyCount "139"]
[EventDate "2024.03.28"]

1. e4 c5 2. Nf3 d6 3. Bb5+ Nd7 4. a4 Ngf6 5. Nc3 g6 6. a5 Bg7 7. O-O O-O 8. Re1
a6 9. Bf1 b5 10. axb6 Nxb6 11. d4 cxd4 12. Nxd4 Qc7 13. h3 Bb7 14. Bd3 e5 15.
Nb3 d5 16. exd5 Nbxd5 17. Nxd5 Nxd5 18. Na5 Nb4 19. Nxb7 Nxd3 20. Qxd3 Qxb7 21.
Re4 Rfd8 22. Qe2 Rd4 23. Rxd4 exd4 24. Qc4 h5 25. Ra3 Rc8 26. Qd3 Qb5 27. Qd1
Qc4 28. Bg5 Qxc2 29. Qxc2 Rxc2 30. Rxa6 Rxb2 31. Bf6 Rb1+ 32. Kh2 d3 33. Bg5
Rb5 34. h4 Rd5 35. Ra2 Bc3 36. Bd2 Bd4 37. f3 Be5+ 38. g3 Kg7 39. Kg2 Bd6 40.
Bc3+ Be5 41. Bd2 Kf6 42. Bg5+ Ke6 43. Be3 Rd7 44. Kf2 Bc3 45. Bd2 Bd4+ 46. Be3
Bf6 47. Ke1 Kd5 48. Ra5+ Kc4 49. Rc5+ Kb4 50. Rc1 Be5 51. f4 Bg7 52. Kd2 Kb3
53. Bf2 Bb2 54. Rc6 Ba3 55. Rc3+ Kb4 56. Bc5+ Kb5 57. Bxa3 Kb6 58. Rxd3 Ra7 59.
Bd6 Kc6 60. Be5 Rb7 61. Ke3 Kc5 62. f5 Kc4 63. fxg6 fxg6 64. Rd6 Rf7 65. Rxg6
Kd5 66. Bf4 Rf5 67. Rd6+ Kc5 68. Rd8 Kc6 69. Ke4 Rf7 70. Rd6+ 1-0

[Event "Pobeskydi 2024"]
[Site "?"]
[Date "2024.03.30"]
[Round "5.14"]
[White "Jurcek, Adrian"]
[Black "Mrazek, Roman"]
[Result "1/2-1/2"]
[WhiteElo "1678"]
[BlackElo "1956"]
[PlyCount "48"]
[EventDate "2024.03.28"]

1. e4 c5 2. c4 Nc6 3. Ne2 g6 4. d4 cxd4 5. Nxd4 Bg7 6. Be3 d6 7. Nc3 Nf6 8. Be2
O-O 9. O-O Bd7 10. Nxc6 bxc6 11. f3 Qa5 12. Qd2 Rfd8 13. Rac1 Be6 14. Rfd1 Nd7
15. b3 Rac8 16. Na4 Qxd2 17. Rxd2 c5 18. Nc3 Ne5 19. Nd5 Kf8 20. Rcd1 Nc6 21.
Kh1 Nd4 22. Bf1 Rb8 23. Nf4 Bd7 24. Ne2 Nc6 1/2-1/2

[Event "Pobeskydi 2024"]
[Site "?"]
[Date "2024.03.30"]
[Round "5.15"]
[White "Bjolek, Jan"]
[Black "Sigut, Ondrej"]
[Result "1/2-1/2"]
[WhiteElo "1923"]
[BlackElo "1855"]
[PlyCount "32"]
[EventDate "2024.03.28"]

1. d4 Nf6 2. Bf4 g6 3. Nc3 d5 4. e3 Bg7 5. h4 h5 6. Be2 Bf5 7. Nf3 c6 8. Ne5
Nbd7 9. Qd2 Nb6 10. f3 Nfd7 11. O-O-O f6 12. Nxd7 Qxd7 13. e4 dxe4 14. fxe4 Bg4
15. Rhe1 O-O 16. Bf3 Rad8 1/2-1/2

[ePGN "0.1;DGT LiveChess/2.2.6"]

[Event "Pobeskydi 2024"]
[Site "Frydek-Mistek, Czech Republic"]
[Date "2024.03.30"]
[Round "6.6"]
[White "Fizer, Marek"]
[Black "Witkowski, Jedrzej"]
[Result "1-0"]
[WhiteElo "2058"]
[BlackElo "1701"]
[PlyCount "53"]
[EventDate "2024.??.??"]

1. e4 c5 2. Nf3 Nc6 3. Bb5 e6 4. Bxc6 bxc6 5. O-O Ne7 6. d3 Ng6 7. b3 e5 8. Re1
Be7 9. Nbd2 d6 10. Nc4 Bg4 11. h3 Bd7 12. Bd2 Qc8 13. Qe2 O-O 14. a3 f5 15.
exf5 Bxf5 16. b4 cxb4 17. axb4 Bxh3 18. gxh3 Qxh3 19. Nh2 Bh4 20. Rf1 Qe6 21.
Qg4 Qe7 22. Nf3 e4 23. dxe4 Rxf3 24. Qxf3 Qe6 25. Ne3 Rf8 26. Qg4 Qf6 27. Nf5
1-0

[Event "Pobeskydi 2024"]
[Site "Frydek-Mistek, Czech Republic"]
[Date "2024.03.30"]
[Round "6.7"]
[White "Sypien, Natan"]
[Black "Swicarz, Maciej"]
[Result "1/2-1/2"]
[WhiteElo "1870"]
[BlackElo "2251"]
[PlyCount "83"]
[EventDate "2024.??.??"]

1. e4 c5 2. Nf3 d6 3. Bb5+ Nd7 4. d4 cxd4 5. Qxd4 a6 6. Bxd7+ Bxd7 7. Nc3 e5 8.
Qd3 Rc8 9. O-O h6 10. Rd1 Qc7 11. Nd2 Bg4 12. f3 Be6 13. Nf1 Nf6 14. Ne3 Be7
15. Bd2 O-O 16. Kh1 b5 17. a4 b4 18. Ncd5 Bxd5 19. exd5 a5 20. c3 bxc3 21. Bxc3
Nd7 22. Qb5 Bd8 23. Bxa5 Qa7 24. Bxd8 Rfxd8 25. Nf5 Nf6 26. b4 g6 27. Ng3 Rc2
28. a5 Rb8 29. Qd3 Rb2 30. Rdb1 R8xb4 31. Rxb2 Rxb2 32. Qa3 Qf2 33. Rg1 Nxd5
34. Ne4 Qc2 35. a6 Nf4 36. a7 Rb1 37. a8=Q+ Kg7 38. Qf8+ Kxf8 39. Qxd6+ Kg8 40.
Nf6+ Kg7 41. Ne8+ Kg8 42. Nf6+ 1/2-1/2

[Event "Pobeskydi 2024"]
[Site "Frydek-Mistek, Czech Republic"]
[Date "2024.03.30"]
[Round "6.2"]
[White "Koubova, Anna Marie"]
[Black "Walek, Petr"]
[Result "1/2-1/2"]
[WhiteElo "2113"]
[BlackElo "2272"]
[PlyCount "88"]
[EventDate "2024.??.??"]

1. d4 Nf6 2. g3 c5 3. d5 b5 4. c4 Bb7 5. Bg2 e6 6. e4 bxc4 7. Nc3 d6 8. Nf3
exd5 9. exd5 Nbd7 10. O-O Be7 11. Nd2 Nb6 12. Nxc4 Nxc4 13. Qa4+ Nd7 14. Qxc4
O-O 15. Bf4 Bf6 16. Bxd6 Nb6 17. Qxc5 Rc8 18. Bxf8 Rxc5 19. Bxc5 Nc4 20. Rfe1
h5 21. Re2 Qa5 22. b4 Qa6 23. Rc1 Qa3 24. Rec2 Bg5 25. f4 Bd8 26. Nb1 Qd3 27.
Rxc4 h4 28. Bf2 g5 29. Rd4 Qa6 30. Re4 Bb6 31. fxg5 h3 32. Bf3 Qd3 33. Rf4 Bxd5
34. Rd1 Qc2 35. Bh5 Be3 36. Rxd5 Bxf4 37. Rd8+ Kh7 38. gxf4 Qxb1+ 39. Bd1 Qe4
40. Kf1 Qc4+ 41. Ke1 Qxb4+ 42. Kf1 Qc4+ 43. Ke1 Qb4+ 44. Kf1 Qc4+ 1/2-1/2

[Event "Pobeskydi 2024"]
[Site "Frydek-Mistek, Czech Republic"]
[Date "2024.03.30"]
[Round "6.1"]
[White "Turcan, Richard"]
[Black "Mica, Marek"]
[Result "1/2-1/2"]
[WhiteElo "2366"]
[BlackElo "2368"]
[PlyCount "44"]
[EventDate "2024.??.??"]

1. e4 c6 2. d4 d5 3. e5 Bf5 4. h4 h5 5. c4 e6 6. Nc3 Ne7 7. Nge2 dxc4 8. Ng3
Nd7 9. Bxc4 Bg6 10. Bg5 Nb6 11. Bb3 Qd7 12. Qd2 Nf5 13. Nxf5 Bxf5 14. O-O Be7
15. Rfd1 O-O 16. Bc2 Bxg5 17. hxg5 Rfd8 18. Ne4 Bxe4 19. Bxe4 g6 20. g4 hxg4
21. Qf4 Nd5 22. Qxg4 Kg7 1/2-1/2

[Event "Pobeskydi 2024"]
[Site "Frydek-Mistek, Czech Republic"]
[Date "2024.03.30"]
[Round "6.8"]
[White "Stevik, Patrik"]
[Black "Kaplanova, Dominika"]
[Result "1-0"]
[WhiteElo "2167"]
[BlackElo "1837"]
[PlyCount "73"]
[EventDate "2024.??.??"]

1. g3 d5 2. Nf3 Nf6 3. Bg2 Bf5 4. O-O e6 5. d3 Be7 6. Nh4 Bg6 7. Nd2 a6 8. Nxg6
hxg6 9. e4 c6 10. Qe2 Qb6 11. Nb3 a5 12. Be3 Qc7 13. exd5 cxd5 14. c4 dxc4 15.
Rac1 Nc6 16. Rxc4 Nd5 17. Nd4 Qd7 18. Nxc6 bxc6 19. Rfc1 Rc8 20. Bc5 O-O 21.
Bxe7 Nxe7 22. Qd2 Rc7 23. a3 Ra8 24. Rc5 a4 25. Qc2 Ra6 26. Rc4 Rb7 27. d4 Rba7
28. h4 Ra5 29. Bxc6 Nxc6 30. Rxc6 Qxd4 31. Rc8+ Kh7 32. Rd1 Qe5 33. Rdd8 Qe1+
34. Kg2 Qxf2+ 35. Qxf2 g5 36. Rh8+ Kg6 37. h5# 1-0

[Event "Pobeskydi 2024"]
[Site "Frydek-Mistek, Czech Republic"]
[Date "2024.03.30"]
[Round "6.4"]
[White "Halhoul, Adam"]
[Black "Kratochvil, Vit"]
[Result "0-1"]
[WhiteElo "1859"]
[BlackElo "2203"]
[PlyCount "80"]
[EventDate "2024.??.??"]

1. d4 Nf6 2. c4 g6 3. Nc3 Bg7 4. e4 d6 5. Be2 O-O 6. Nf3 c5 7. d5 e6 8. O-O Re8
9. Nd2 Na6 10. Re1 Nc7 11. Bd3 Bd7 12. a4 Na6 13. h3 Nb4 14. Bf1 a6 15. f4 exd5
16. cxd5 Nh5 17. Nc4 Bd4+ 18. Be3 Qf6 19. Nb6 Rad8 20. g3 Nxg3 21. Nxd7 Rxd7
22. Qg4 Nxf1 23. Kxf1 Rde7 24. e5 Rxe5 25. Bf2 Rxe1+ 26. Rxe1 Rxe1+ 27. Bxe1
Qe7 28. Bd2 h5 29. Qf3 Qd7 30. b3 Bg7 31. Ne2 Nc2 32. Bc3 Bxc3 33. Qxc3 Qf5 34.
Qf3 Nb4 35. Nc3 Kg7 36. Kg1 Qf6 37. Kg2 Qd4 38. f5 Nd3 39. f6+ Kh7 40. Ne2 Ne1+
0-1